000 00749cab a22001935a 4500
001 L146168
008 081215s2008 xxkad f s 000 0 eng d
035 _a(Sirsi) u146168
041 0 _aeng
110 2 _aAsiaProperty
_95571
245 0 0 _aFinancial sector's loss may be property's gain as wealth funds seek new investment opportunities
260 _c2008
490 0 _aAsia Property
_vDecember 2008, 10(1)
520 _aReports that with the financial sector no longer a safe destination for sovereign wealth funds' capital, Asian property may offer a good alternative asset class to suit long-term investment objectives.
590 _aKA
651 4 _aAsia
690 _aPROPERTY-COMMERCIAL PROPERTY-COMMERCIAL PROPERTY MARKET
942 _n0
999 _c81064
_d81064